000 nam a22 7a 4500
999 _c127745
_d127745
008 180322b xxu||||| |||| 00| 0 eng d
050 _aBL43.E4
_bA315 1990
100 _aEliade, Mircea
_917672
245 _aAutobiography
_bjourney east, journey west
_cMircea Eliade
260 _aChicago
_bThe University of Chicago Press
_c1990
300 _a335p. ;
_c24cm.
600 _aEliade, Mircea
_d1907-1986
_940874
650 _aReligion historians
_xBiography
_zUnites States
_940875
942 _2lcc
_cMONOGRAPH